Hướng dẫn em học toán tiểu học Dành cho phụ huynh học sinh, khối lớp 2 Tập 2
v.v...
Đã lưu trong:
| Tác giả chính: | |
|---|---|
| Định dạng: | Sách |
| Năm xuất bản: |
H.
Giáo dục
2002
|
| Chủ đề: | |
| Tags: |
Thêm thẻ
Không có thẻ, Hãy là người đầu tiên gắn thẻ bản ghi này!
|
| LEADER | 01959nam a2200289 4500 | ||
|---|---|---|---|
| 999 | |c 11077 |d 11077 | ||
| 082 | |a 372.7 |b H407T | ||
| 100 | |a Hoàng Tuấn | ||
| 245 | |a Hướng dẫn em học toán tiểu học |c Hoàng Tuấn, Phạm Đình Thực |n Tập 2 |b Dành cho phụ huynh học sinh, khối lớp 2 | ||
| 260 | |a H. |b Giáo dục |c 2002 | ||
| 300 | |a 117 tr. |c 24 cm. | ||
| 520 | |a v.v... | ||
| 653 | |a Toán học | ||
| 653 | |a Lớp 2 | ||
| 653 | |a Hướng dẫn giải | ||
| 653 | |a Bài tập | ||
| 653 | |a Giáo dục tiểu học | ||
| 942 | |2 ddc |c STK0 | ||
| 952 | |0 0 |1 0 |2 ddc |4 0 |6 372_700000000000000_H407T |7 0 |8 300 |9 95423 |a qbu |b qbu |c D2 |d 2015-09-29 |g 12000 |o 372.7 H407T |p 10853.c1 |r 0000-00-00 |w 2015-09-29 |y STK0 | ||
| 952 | |0 0 |1 0 |2 ddc |4 0 |6 372_700000000000000_H407T |7 0 |8 300 |9 95424 |a qbu |b qbu |c D2 |d 2015-09-29 |g 12000 |o 372.7 H407T |p 10853.c2 |r 0000-00-00 |w 2015-09-29 |y STK0 | ||
| 952 | |0 0 |1 0 |2 ddc |4 0 |6 372_700000000000000_H407T |7 0 |8 300 |9 95425 |a qbu |b qbu |c D2 |d 2015-09-29 |g 12000 |o 372.7 H407T |p 10853.c3 |r 0000-00-00 |w 2015-09-29 |y STK0 | ||
| 952 | |0 0 |1 0 |2 ddc |4 0 |6 372_700000000000000_H407T |7 0 |8 300 |9 95426 |a qbu |b qbu |c D2 |d 2015-09-29 |g 12000 |o 372.7 H407T |p 10853.c4 |r 0000-00-00 |w 2015-09-29 |y STK0 | ||
| 952 | |0 0 |1 0 |2 ddc |4 0 |6 372_700000000000000_H407T |7 0 |8 300 |9 95427 |a qbu |b qbu |c D2 |d 2015-09-29 |g 12000 |o 372.7 H407T |p 10853.c5 |r 0000-00-00 |w 2015-09-29 |y STK0 | ||
| 952 | |0 0 |1 0 |2 ddc |4 0 |6 372_700000000000000_H407T |7 0 |8 300 |9 95428 |a qbu |b qbu |c D2 |d 2015-09-29 |g 12000 |o 372.7 H407T |p 10853.c6 |r 0000-00-00 |w 2015-09-29 |y STK0 | ||
| 952 | |0 0 |1 0 |2 ddc |4 0 |6 372_700000000000000_H407T |7 0 |8 300 |9 98661 |a qbu |b qbu |c D2 |d 2015-11-12 |g 12000 |o 372.7 H407T |p 10853.c7 |r 0000-00-00 |w 2015-11-12 |y STK0 | ||
| 952 | |0 0 |1 0 |2 ddc |4 0 |6 372_700000000000000_H407T |7 0 |8 300 |9 98662 |a qbu |b qbu |c D2 |d 2015-11-12 |g 12000 |o 372.7 H407T |p 10853.c8 |r 0000-00-00 |w 2015-11-12 |y STK0 | ||
| 952 | |0 0 |1 0 |2 ddc |4 0 |6 372_700000000000000_H407T |7 0 |8 300 |9 98663 |a qbu |b qbu |c D2 |d 2015-11-12 |g 12000 |o 372.7 H407T |p 10853.c9 |r 0000-00-00 |w 2015-11-12 |y STK0 | ||